000 00248nam a2200085Ia 4500
245 0 _aThe communistisation of the ANC
100 _a Ludi, Gerard. Alberton, South Africa, 2011
_985685
942 _cBK
008 210817s9999 xx 000 0 und d
999 _c321387
_d321386